Pizza (par ingrédients) - Statistiques

Statistiques générales
  • Ce quiz a été pris 484 fois
  • Le résultat moyen est 4 sur 11
Statistiques - réponses
Hint Réponse % Correct
Tomate, mozzarella, jambon, champignons Reine
75%
Tomate, mozzarella, jambon, ananas Hawaïenne
67%
Tomate, mozzarella, basilic, huile d'olive Margherita
55%
Tomate, mozzarella, anchois, olives noires, origan, huile d'olive Napolitaine
40%
Garnie de mozzarella, jambon, champignons, sauce tomate, œufs ou autres ingrédients Calzone
38%
Mozzarella, champignons, artichaut, jambon, olives, huile d'olive Capricciosa, Quatre saisons
31%
Mozzarella et d'autres fromages, variant selon les spécialités locales Quatre fromages
31%
Mozzarella, tomate, salami piquant Diavola
11%
Tomate, ail, origan, huile d'olive Marinara
8%
Tomate, mozzarella, anchois, origan, huile d'olive Romaine
7%
Tomate, mozzarella, basilic, anchois, câpres, champignon Sicilienne
6%
Aucun quiz correspondant
Distribution des résultats
% des personnes avec chaque résultat
Percentile par nombre de réponses
Votre historique - résultats
Vous n’avez pas pris ce quiz